| 000 | 01016 a2200241 4500 | ||
|---|---|---|---|
| 005 | 20081013150556.0 | ||
| 008 | 081013t xxu||||| |||| 00| 0 eng d | ||
| 010 | _aENG-91860 | ||
| 020 | _c398.00 | ||
| 035 | _aEN-75393 | ||
| 037 | _bDBAD / PUB | ||
| 040 |
_adpl _bEnglish |
||
| 082 | _a650.0285 | ||
| 100 | _aSudalaimuthu, S. | ||
| 245 |
_aComputer application in business: _cby S. Sudalaimuthu [and] S. Anthony Raj _b(including introduction to information technology, MS Office, HTML and Telly) / |
||
| 260 |
_aNew Delhi _bHimalaya Publishing House _c2008 |
||
| 270 |
_aPooja Apartments, 4-=B, Murari Lal Street, Ansari Raod, Daryaganj, _bNew Delhi _e110002 |
||
| 300 |
_a667p. _c28 cm ( pbk.) |
||
| 650 |
_aBusiness _xDataprocessing. |
||
| 700 | _aAnthony Raj, S. | ||
| 942 |
_adpl _cEN _2ddc _h650.0285 _mSUD |
||
| 999 |
_c19199 _d19199 |
||